Mimeograph series I, Bulletin.

CONTENTS.--1. Will natural gas dethrone old King Coal, by J. D. Sisler. 1931.--2. The economics of the natural gas industry, by J. D. Sisler. 1931.--3. The romance of coal, by J. D. Sisler. 1931.--4. The economic aspects of coal losses in Ohio, Pennsylvania, and West Virginia, by J. D. Sisler. 1931....

Full description

Bibliographic Details
Corporate Author: West Virginia Geological and Economic Survey
Format: Serial
Language:English
Published: Morgantown, W.Va. : West Virginia Geological Survey, 1931-
Subjects:

MARC

Tag First Indicator Second Indicator Subfields
LEADER 00000cas a2200000 a 4500
001 in00000029393
005 20151007061510.0
008 760620d193119uuwvuuu m s0 0eng c
010 |a GS 39000285  
035 |a (OCoLC)02253747 
035 |9 AAD2261AM 
040 |a U.S.Geol.survey. Library  |c MUL  |d TXA  |d UtOrBLW 
049 |a TXAE 
090 |a QE177  |b .A34 
092 |a 557  |b W521m 
110 2 |a West Virginia Geological and Economic Survey. 
245 1 0 |a Mimeograph series I, Bulletin. 
246 3 0 |a Bulletin 
264 1 |a Morgantown, W.Va. :  |b West Virginia Geological Survey,  |c 1931- 
300 |a volumes ;  |c 28 cm. 
336 |a text  |b txt  |2 rdacontent 
337 |a unmediated  |b n  |2 rdamedia 
338 |a volume  |b nc  |2 rdacarrier 
362 1 |a Began with no. 1 in 1931. 
500 |a Description based on: 3 published Apr. 1, 1931; title from cover. 
500 |a Each issue also has a distinctive title. 
515 |a No. 5 issued without series note and number. 
520 |a CONTENTS.--1. Will natural gas dethrone old King Coal, by J. D. Sisler. 1931.--2. The economics of the natural gas industry, by J. D. Sisler. 1931.--3. The romance of coal, by J. D. Sisler. 1931.--4. The economic aspects of coal losses in Ohio, Pennsylvania, and West Virginia, by J. D. Sisler. 1931.--[5] The mineral resources of West Virginia, by J. D. Sisler. [1931]--6. Manganese deposits of eastern West Virginia, by Frank Reeves. 1935. 
650 0 |a Mines and mineral resources  |z West Virginia. 
948 |a cataloged  |b h  |c 2008/4/25  |d c  |e coplinger  |f 2:13:01 pm 
999 |a MARS 
999 f f |s 094d38ca-6662-3f7f-8afd-547b82d4c333  |i 29413bb5-b1c8-3b35-97c4-e151334ddcc0  |t 0 
952 f f |a Texas A&M University  |b Rellis Campus  |c Joint Library Facility  |d Remote Storage  |e QE177 .A34  |h Library of Congress classification  |i unmediated -- volume  |k no.3  |l 1931  |m A14837223123  |p ric  |s JLF  |t 0 
998 f f |a QE177 .A34  |s no.3 (1931:Apr.1)  |t 0  |l Remote Storage